| 000 | 00391nam a22001457a 4500 | ||
|---|---|---|---|
| 020 | _qPB. | ||
| 040 | _cFIZZA ISHAQ | ||
| 082 |
_a621.367 _bRAM |
||
| 100 |
_aPATEL, N. RAM. _991269 |
||
| 245 |
_aPROGRAMMING IN MATLAB A PROBLEM SOLVING APPROACH WITH ONLINE ACCESS / _cRAM N. PATEL. |
||
| 250 | _a1st ED. | ||
| 260 |
_aNEW DEHLI ; _bPEARSON, _c2016. |
||
| 300 | _a411 P. ; | ||
| 942 |
_2ddc _cBK |
||
| 999 |
_c589469 _d589469 |
||